000 00263nam a2200097Ia 4500
001 956724
005 20250826215830.0
008 250824s9999 xx 000 0 und d
245 0 _aİLETİŞİM DONANIMLARI
_cDOĞAN CÜCELOĞLU
260 _bREMZİ KİTABEVİ YAYINLARI
999 _c956724
_d956724